Leases: forfeiture (Record no. 65522)
[ view plain ]
| 000 -LEADER | |
|---|---|
| fixed length control field | 01317cam a2200241 4500 |
| 001 - CONTROL NUMBER | |
| control field | WB3648-27 |
| 008 - FIXED-LENGTH DATA ELEMENTS--GENERAL INFORMATION | |
| fixed length control field | 000000n2000 000 0 eng u |
| 035 ## - SYSTEM CONTROL NUMBER | |
| System control number | (Sirsi) u109781 |
| 245 ## - TITLE STATEMENT | |
| Title | Leases: forfeiture |
| 260 ## - PUBLICATION, DISTRIBUTION, ETC. | |
| Date of publication, distribution, etc. | 2000 |
| 490 ## - SERIES STATEMENT | |
| Series statement | Estates Gazette Case Summaries |
| Volume/sequential designation | [2000] EGCS 136 (2/12/00) |
| 520 ## - SUMMARY, ETC. | |
| Summary, etc. | "Whitbread plc v Falla" ChD 16 November 2000. Tenant (B) occupied a public house in Brighton under a 20-year lease granted by Whitbread (A). The lease contained provisions prohibiting the sale of beer not supplied by A or its nominees. A notified the European Commission of these provisions, and obtained an individual exemption from Article 85 (now 81) of the European Treaty. B applied to the European Court to have the Commission decision annuled. A took proceedings to forfeit the lease and obtained summary judgment for possession at a hearing before a master of the ChD. The master imposed a stay of execution pending the outcome of B's application to the European Court. A appealed. Appeal allowed. |
| 590 ## - LOCAL NOTE (RLIN) | |
| Local note | WB |
| 650 ## - SUBJECT ADDED ENTRY--TOPICAL TERM | |
| Topical term or geographic name entry element | WHITBREAD PLC V FALLA |
| 650 ## - SUBJECT ADDED ENTRY--TOPICAL TERM | |
| Topical term or geographic name entry element | LEASES |
| 650 ## - SUBJECT ADDED ENTRY--TOPICAL TERM | |
| Topical term or geographic name entry element | EXEMPTIONS |
| 650 ## - SUBJECT ADDED ENTRY--TOPICAL TERM | |
| Topical term or geographic name entry element | EUROPEAN COURT |
| 650 ## - SUBJECT ADDED ENTRY--TOPICAL TERM | |
| Topical term or geographic name entry element | FORFEITURE |
| 650 ## - SUBJECT ADDED ENTRY--TOPICAL TERM | |
| Topical term or geographic name entry element | PUBLIC HOUSES |
| 650 ## - SUBJECT ADDED ENTRY--TOPICAL TERM | |
| Topical term or geographic name entry element | BEER SUPPLIES |
| 690 ## - LOCAL SUBJECT ADDED ENTRY--TOPICAL TERM (OCLC, RLIN) | |
| Topical term or geographic name as entry element | LANDLORD AND TENANT-LEASES-CASE LAW |
| 942 ## - ADDED ENTRY ELEMENTS (KOHA) | |
| Suppress in OPAC | 0 |
| Withdrawn status | Lost status | Source of classification or shelving scheme | Damaged status | Not for loan | Home library | Current library | Shelving location | Date acquired | Total Checkouts | Full call number | Barcode | Date last seen | Copy number | Price effective from | Koha item type |
|---|---|---|---|---|---|---|---|---|---|---|---|---|---|---|---|
| Dewey Decimal Classification | London | London | News article | 06/12/2000 | WB3648-27 | 109781-1001 | 06/08/2019 | 1 | 06/08/2019 | Law report |